| 000 | 00730nam a22002057a 4500 | ||
|---|---|---|---|
| 999 |
_c125524 _d125524 |
||
| 005 | 20220216113422.0 | ||
| 008 | 190613b ||||| |||| 00| 0 eng d | ||
| 020 | _a9788385915475 | ||
| 040 | _cPK-LaUMT | ||
| 082 |
_a611 _bBDC- |
||
| 245 |
_aBD Chaurasia's human anatomy regional and applied dissection and clinical : _bV.1: Upper limb thorax, V.2: Lower limb; Abdomen and pelvis, V.3: head and neck, V.4: Brain-neuroanatomy / _cedited by Krishna Garg, Pragati Sheel Mital and Mrudula Chandrupatia |
||
| 250 | _a8th ed. [pirated] | ||
| 260 |
_aNew Delhi : _bCBS Publishers & Distributors, _c2020 |
||
| 300 | _a4 vols. set | ||
| 650 | _aUpper limb | ||
| 650 | _aArm | ||
| 650 | _aHand | ||
| 650 | _aThorax | ||
| 942 | _cBK | ||